Дорогой, я стала ведьмой в эту пятницу!: [роман]

Bibliographische Detailangaben
1. Verfasser: Холина А. И. Арина Игоревна
Zusammenfassung:Что делать, если мужчина предлагает женщине богатство, карьеру, славу и любовь? Удержаться трудно — кто в наше время не хочет быть лучше других? Три амбициозные, привлекательные, но одинокие и не слишком удачливые подруги неожиданно знакомятся с замечательными мужчинами, которые отчего-то начинают устраивать их жизнь. Каждую ожидает известность, фантастические гонорары, пылкие чувства самого милого, сексуального и щедрого любовника. Жизнь похожа на сказку! Но подруги забывают, что сказки бывают не только с хорошим концом...
Sprache:Russisch
Veröffentlicht: Москва, Эксмо, 2006
Schriftenreihe:Роскошным стервам большого города
Schlagworte:
Format: MixedMaterials Buch
KOHA link:https://koha.lib.tpu.ru/cgi-bin/koha/opac-detail.pl?biblionumber=150019

MARC

LEADER 00000nam0a2200000 4500
001 150019
005 20231031150059.0
010 |a 5699190503 
035 |a (RuTPU)RU\TPU\book\162630 
090 |a 150019 
100 |a 20081224d2006 m y0rusy50 ca 
101 0 |a rus 
102 |a RU 
105 |a y z 000ay 
200 1 |a Дорогой, я стала ведьмой в эту пятницу!  |e [роман]  |f А. И. Холина 
210 |a Москва  |c Эксмо  |d 2006 
215 |a 381 с. 
225 1 |a Роскошным стервам большого города 
330 |a Что делать, если мужчина предлагает женщине богатство, карьеру, славу и любовь? Удержаться трудно — кто в наше время не хочет быть лучше других? Три амбициозные, привлекательные, но одинокие и не слишком удачливые подруги неожиданно знакомятся с замечательными мужчинами, которые отчего-то начинают устраивать их жизнь. Каждую ожидает известность, фантастические гонорары, пылкие чувства самого милого, сексуального и щедрого любовника. Жизнь похожа на сказку! Но подруги забывают, что сказки бывают не только с хорошим концом... 
610 1 |a русская литература 
610 1 |a романы 
610 1 |a любовь 
675 |a Р2  |v 3 
700 1 |a Холина  |b А. И.  |g Арина Игоревна 
801 1 |a RU  |b 63413507  |c 20081224  |g PSBO 
801 2 |a RU  |b 63413507  |c 20090111  |g PSBO 
942 |c BK